| 000 | 00350nam a22001457a 4500 | ||
|---|---|---|---|
| 003 | OSt | ||
| 008 | 250109b |||||||| |||| 00| 0 eng d | ||
| 041 | _aeng | ||
| 082 |
_a631.372 _bJAI/FA |
||
| 100 |
_aJain, SC _96904 |
||
| 245 | _aFarm Tractor, Maintenance and Repair | ||
| 260 |
_bTata McGraw Hill, _c1984. |
||
| 700 |
_aRai, CR _96905 |
||
| 942 | _cBK | ||
| 999 |
_c19000 _d19000 |
||